000 00282nam a22001337a 4500
008 170719b xxu||||| |||| 00| 0 eng d
020 _alee dob0302
041 _aeng
080 _a2
100 _a24
101 _aTEO
245 _aTHE DOBE JU HOANSI
_cLEE, R.B
942 _2udc
_cBK
999 _c21633
_d21633